Two outstanding Indian judges H.R. Khanna & V.R. Krishna Iyer / (Record no. 93779)
[ view plain ]
| 000 -LEADER | |
|---|---|
| fixed length control field | 00622nam a22001937a 4500 |
| 005 - DATE AND TIME OF LATEST TRANSACTION | |
| control field | 20150717115803.0 |
| 010 ## - LCCN (DPL NO) | |
| LC control number | ENG-113126 |
| 020 ## - INTERNATIONAL STANDARD BOOK NUMBER | |
| International Standard Book Number | 9789350355558 |
| Terms of availability | 375.00 |
| 035 ## - SYSTEM CONTROL NUMBER | |
| System control number | EN-96658 |
| 037 ## - SOURCE OF ACQUISITION | |
| Source of stock number/acquisition | DBAD/PUB |
| 082 ## - DEWEY DECIMAL CLASSIFICATION NUMBER | |
| Classification number | 920 |
| 100 ## - MAIN ENTRY--PERSONAL NAME | |
| Personal name | Malik, Lokendra |
| 245 ## - TITLE STATEMENT | |
| Title | Two outstanding Indian judges H.R. Khanna & V.R. Krishna Iyer / |
| Statement of responsibility, etc | by Lokendra Malik [and] Manish Arora |
| 260 ## - PUBLICATION, DISTRIBUTION, ETC. (IMPRINT) | |
| Place of publication, distribution, etc | New Delhi |
| Name of publisher, distributor, etc | Universal Law Publishing |
| Date of publication, distribution, etc | 2015 |
| 270 ## - ADDRESS | |
| Address | A-58, G.T. Karnal Road Industrial Area, |
| City | New Delhi |
| Postal code | 110033 |
| 300 ## - PHYSICAL DESCRIPTION | |
| Extent | xx,232p. |
| Dimensions | 23cm(Hb) |
| 700 ## - ADDED ENTRY--PERSONAL NAME | |
| Personal name | Arora, Manish |
| 942 ## - ADDED ENTRY ELEMENTS (KOHA) | |
| Source of classification or shelving scheme | Dewey Decimal Classification |
| Item type | English Books |
| Call number suffix | MAL |
| Classification part | 920 |
| Withdrawn status | Lost status | Not for loan | Collection code | Home library | Current library | Date acquired | Source of acquisition | Cost, normal purchase price | Full call number | Barcode | Copy number | Cost, replacement price | Koha item type |
|---|---|---|---|---|---|---|---|---|---|---|---|---|---|
| Not For Loan | Non-fiction | D.B.Act.Division | D.B.Act.Division | 20/05/2015 | DBAD/PUB | 375.00 | 920 MAL | EN-96658 | 1 | 375.00 | English Books |
